Comparison of Gender Stereotypes in Advertising in Chosen English- and Spanish-Speaking Countries diplomová práca
Salvato in:
| Autore principale: | |
|---|---|
| Ente Autore: | |
| Altri autori: | |
| Natura: | Libro |
| Lingua: | inglese |
| Pubblicazione: |
Bratislava
2024
|
| Tags: |
Nessun Tag, puoi essere il primo ad aggiungerne!!
|
MARC
| LEADER | 00000nbm a2200000 4500 | ||
|---|---|---|---|
| 001 | 0300570 | ||
| 005 | 20250919091651.8 | ||
| 041 | 0 | |a eng | |
| 044 | |a SK | ||
| 245 | 1 | 0 | |a Comparison of Gender Stereotypes in Advertising in Chosen English- and Spanish-Speaking Countries |b diplomová práca |c Adriana Slezáriková ; školiteľ: Tatiana Hrivíková |
| 264 | 1 | |a Bratislava |c 2024 | |
| 300 | |a 74 s. | ||
| 100 | 1 | |a Slezáriková, Adriana | |
| 700 | 1 | |a Hrivíková, Tatiana, 1959- | |
| 710 | 2 | |a Fakulta aplikovaných jazykov EU v Bratislave. Katedra interkultúrnej komunikácie | |